| 000 | 00678cam6a220021700 4500 | ||
|---|---|---|---|
| 001 | zam00000423 | ||
| 008 | 951128s1988 xx eng u | ||
| 020 | _a3805546998 | ||
| 035 | _a(Sirsi) r17943 | ||
| 035 | _a(MACHINE)00647 | ||
| 245 | 0 | 0 | _aMembrane activation in immunologially relevant cells. |
| 260 |
_aBasel : _bKarger, _c1988. |
||
| 504 | _aIncludes bibliographical references. | ||
| 650 |
_aCells. _6S1967.1 |
||
| 650 |
_aimmucompetent. _6S56802.1 |
||
| 700 |
_aedited by Elmer L. Becker. _6A76550.1 |
||
| 700 |
_aBecker, Elmer. _6A76551.1 |
||
| 949 |
_aQR/185/.5 _wlcc _i-14354 _p2500 _tBOOK _lON-SHELF |
||
| 004 | 17943 | ||
| 900 |
_51988 _8QR/185/.5 _9MEN _c1 _p2500 |
||
| 999 |
_c164030 _d164030 |
||